Contabilidad y auditoría ambiental (Registro nro. 567)
[ vista simple ]
| 000 -LEADER | |
|---|---|
| fixed length control field | 01400 a2200229 4500 |
| 001 - CONTROL NUMBER | |
| control field | 14076 |
| 005 - DATE AND TIME OF LATEST TRANSACTION | |
| control field | 20260407155446.0 |
| 008 - FIXED-LENGTH DATA ELEMENTS--GENERAL INFORMATION | |
| fixed length control field | 260407a2000 arg spa d |
| 003 - CONTROL NUMBER IDENTIFIER | |
| control field | AR-UNSa-BCEJYS |
| 040 ## - CATALOGING SOURCE | |
| Original cataloging agency | AR-UNSa-BCEJYS |
| Language of cataloging | spa |
| Transcribing agency | AR-UNSa-BCEJYS |
| 080 ## - UNIVERSAL DECIMAL CLASSIFICATION NUMBER | |
| Universal Decimal Classification number | 657.6 |
| Common auxiliary subdivision | Auditoria (control interno) |
| 020 ## - INTERNATIONAL STANDARD BOOK NUMBER | |
| International Standard Book Number | 950-537-538-8 |
| 100 1# - MAIN ENTRY--PERSONAL NAME | |
| Personal name | Fronti de García, Luisa |
| 245 10 - TITLE STATEMENT | |
| Title | Contabilidad y auditoría ambiental |
| 264 #1 - PRODUCTION, PUBLICATION, DISTRIBUTION, MANUFACTURE, AND COPYRIGHT NOTICE | |
| Place of production, publication, distribution, manufacture | Buenos Aires : |
| Name of producer, publisher, distributor, manufacturer | Ediciones Macchi |
| Date of production, publication, distribution, manufacture, or copyright notice | 2000 |
| 300 ## - PHYSICAL DESCRIPTION | |
| Extent | xii, 243 p. |
| Dimensions | 22 cm. |
| 505 ## - FORMATTED CONTENTS NOTE | |
| Formatted contents note | I. La problemática ambiental y su influencia en la contabilidad: 1. La normativa contable internacional y el medio ambienta - 2. Pasivos ambientales - 3. Contingencias: implicancias ambientales - 4. Política empresaria de control ambiental - 5. Comité Internacional de Normas Contables (IASC), Norma Internacional de Contabilidad (IAS), "Provisiones, activos contingentes y pasivos contingentes". NIC 37 - 6. Leyes y otras normas que protegen el medio ambiente. Pautas de control a seguir por las empresas - 7. Impacto ambiental sobre la normativa contable argentina -- II. La auditoría del medio ambiente en el marco de la auditoría integral |
| 590 ## - LOCAL NOTE (RLIN) | |
| Local note | niveau_biblio:m niveau_hierar:0 |
| 700 1# - ADDED ENTRY--PERSONAL NAME | |
| Personal name | Wainstein, Mario |
| 856 41 - ELECTRONIC LOCATION AND ACCESS | |
| Uniform Resource Identifier | <a href="https://biblioeco.unsa.edu.ar/pmb/images/libros/Contabilidad y Auditoria Ambiental-l86606.jpg">https://biblioeco.unsa.edu.ar/pmb/images/libros/Contabilidad y Auditoria Ambiental-l86606.jpg</a> |
| Link text | Imagen de portada |
| Electronic format type | image/jpeg |
| 942 ## - ADDED ENTRY ELEMENTS (KOHA) | |
| Koha item type | |
| Withdrawn status | Lost status | Damaged status | Not for loan | Home library | Current library | Shelving location | Date acquired | Total checkouts | Full call number | Barcode | Date last seen | Price effective from | Koha item type |
|---|---|---|---|---|---|---|---|---|---|---|---|---|---|
| Biblioteca Prof. Eusebio Cleto del Rey | Biblioteca Prof. Eusebio Cleto del Rey | 07/04/2026 | 657.6 F935 | L86606 | 07/04/2026 | 07/04/2026 | Libro | ||||||
| Biblioteca Prof. Eusebio Cleto del Rey | Biblioteca Prof. Eusebio Cleto del Rey | 07/04/2026 | 657.6 F935 | L86607 | 07/04/2026 | 07/04/2026 | Libro | ||||||
| Biblioteca Prof. Eusebio Cleto del Rey | Biblioteca Prof. Eusebio Cleto del Rey | 07/04/2026 | 657.6 F935 | L86608 | 07/04/2026 | 07/04/2026 | Libro |